000 00687nam a2200229 i 4500
001 28368
003 ES-MaACL
005 20230906153837.0
007 t|
008 030117s1956 sp f |||| |bspa d
100 1 _aBainbridge, John.
_924730
245 1 0 _aMemorias de Greta Garbo /
_cJohn Bainbridge ; [traducción directa del inglés por L. Sureda Guytó].
250 _a1ª ed.
260 _aBarcelona :
_bA.H.R.,
_c[1956] (
_fEstampa)
300 _a342 p., 10 lám. ;
_c22 cm.
490 1 _aAmanecer
600 1 4 _aGarbo, Greta (
_d1905-1990)
_9167685
700 1 _aSureda, Leoncio.
_9108817
830 0 _aAmanecer
_9181036
852 _aES-MaACL
_jC-11326
999 _c28368
_d28368